000 00923nam a22002177a 4500
999 _c62958
_d62958
005 20251125233100.0
008 s2553 th ||||| |||| 00| 0 tha d
020 _a9786162100383
040 _aNALT
050 _aJQ1745.A5 ด962พ 2553
100 0 _aโดม ลูกแม่จัน
245 1 0 _aไพ่ 7 ใบในมือทักษิณ
260 3 _aกรุงเทพฯ :
_bย้อนรอย,
_c2553
300 _a128 หน้า :
_b ภาพประกอบ ;
_c 21 ซม.
650 0 4 _aไทย -- การเมืองและการปกครอง -- วิจารณ์
650 0 4 _aทักษิณ ชินวัตร -- บทบาททางการเมือง -- วิจารณ์
850 _aNALT
856 4 0 _uhttps://hdl.handle.net/20.500.14156/338130
_71
942 _cGB
_2lcc